[Event "ESP-ch Rapid 2018"]
[Site "Linares"]
[Date "2018.08.19"]
[Round "6"]
[White "Ladron De Guevara Pinto, Paolo"]
[Black "Lianes Garcia, Marcos"]
[Result "1/2-1/2"]
[WhiteElo "2424"]
[BlackElo "2340"]
[Annotator "TA"]
[PlyCount "86"]
[EventDate "2018.08.19"]
[EventType "team-tourn"]
[EventCountry "ESP"]
[SourceTitle "playchess.com"]
[Source "ChessBase"]
[SourceQuality "1"]

{[%evp 15,86,16,12,10,45,44,33,37,31,13,14,9,13,-10,-14,-10,-21,-31,0,0,35,37,51,0,0,0,30,30,38,34,36,38,32,28,37,23,39,35,50,23,25,23,23,25,29,25,28,28,47,46,47,29,36,34,34,10,48,36,62,62,62,36,62,62,176,62,62,61,61,61,61,61,61]} 1. e4 e5 2. Nf3 Nc6 3. Bb5 a6 4. Ba4 Nge7 5. c3 d5 (5... g6 6. d4 exd4 7. cxd4 b5 8. Bb3 Bg7 9. O-O O-O 10. d5 Na5 11. Bc2 Nc4 12. Nc3 d6 13. Rb1 Bg4 {1-0 (43) Nepomniachtchi,I (2751)-Aronian,L (2789) chess.com INT 2017}) 6. exd5 {C70: Ruy Lopez: 3...a6 4 Ba4, Norwegian and Delayed Schliemann} Qxd5 7. O-O Ng6 8. Bb3 Qd3 {LiveBook: 3 Games} 9. Bc2 Qd5 $146 ({Predecessor:} 9... Qd6 10. d4 exd4 11. cxd4 Bg4 12. Be3 Nh4 {½-½ (70) Hou,Y (2523)-Short,N (2683) Liverpool 2007}) 10. Re1 Bg4 11. Be4 Qd7 12. h3 Be6 13. d4 O-O-O $1 {[%cal Re5d4]} 14. Qe2 (14. Bxc6 {is more complex.} Qxc6 15. Nxe5 Nxe5 16. Rxe5 Kb8 17. Nd2) 14... exd4 15. Bxc6 Qxc6 16. Nxd4 Qd7 ({Much weaker is} 16... Rxd4 $6 17. cxd4 Kb8 18. Bd2 $16) (16... Qc4 {looks sharper.} 17. Qd1 Qd5 18. Nd2 Bd7 19. Qb3 Qxb3 20. axb3 Be7) 17. Nxe6 Qxe6 (17... Re8 {is interesting.} 18. Be3 Rxe6 19. Nd2 Nf4 20. Qf3 Nd3) 18. Qxe6+ fxe6 19. Bg5 (19. Nd2 $14) 19... Rd5 $11 20. Be3 e5 21. Nd2 Be7 22. Ne4 Rhd8 23. g3 b6 24. Kf1 Kb7 25. Ke2 R5d7 26. h4 Nh8 27. Red1 (27. c4 {feels hotter.} Nf7 28. c5 b5 29. Rec1 Kc6 30. b4) 27... Rxd1 28. Rxd1 Rxd1 29. Kxd1 {[%mdl 4096] Endgame KBN-KBN} Nf7 30. Ke2 Kc6 31. Kd3 Kd5 32. c4+ Ke6 33. f3 Nd6 34. Nxd6 Bxd6 $14 {KB-KB} 35. Ke4 Be7 36. h5 g6 37. hxg6 hxg6 38. g4 a5 39. b3 Bd6 {[#]} (39... c5 $14) 40. Bf2 ({Only move:} 40. Bg5 $1 $18) 40... Be7 {White is slightly better.} 41. a4 g5 42. Bg3 Bd6 43. Bh2 c5 {Precision: White = 48%, Black = 44%.} 1/2-1/2

[Event "ESP-ch Rapid 2018"]
[Site "Linares"]
[Date "2018.08.19"]
[Round "6"]
[White "Llobell Cortell, Enrique"]
[Black "Jimenez Martinez, Jose Vicente"]
[Result "0-1"]
[WhiteElo "2411"]
[BlackElo "2243"]
[Annotator "NA"]
[PlyCount "112"]
[EventDate "2018.08.19"]
[EventType "team-tourn"]
[EventCountry "ESP"]
[SourceTitle "playchess.com"]
[Source "ChessBase"]
[SourceQuality "1"]
[TimeControl "900+5"]

1. e4 {[%emt 0:00:00]} d6 {[%emt 0:00:00]} 2. d4 {[%emt 0:00:05]} g6 {[%emt 0:00:00]} 3. Nc3 {[%emt 0:00:04]} Bg7 {[%emt 0:00:00]} 4. f4 {[%emt 0:00:06]} Nf6 {[%emt 0:00:02]} 5. Nf3 {[%emt 0:00:09]} c5 {[%emt 0:00:01]} 6. Bb5+ {[%emt 0:00:25]} Bd7 {[%emt 0:00:02]} 7. e5 {[%emt 0:00:19]} Ng4 {[%emt 0:00:04]} 8. Bxd7+ {[%emt 0:00:04]} Qxd7 {[%emt 0:00:18]} 9. h3 {[%emt 0:00:01]} cxd4 {[%emt 0:00:23]} 10. Qxd4 {[%emt 0:00:02]} Nc6 {[%emt 0:00:38]} 11. Qe4 {[%emt 0:00:03]} f5 {[%emt 0:02:18]} 12. Qc4 {[%emt 0:01:33]} Nh6 {[%emt 0:00:46]} 13. e6 {[%emt 0:05:38]} Qd8 {[%emt 0:00:15]} 14. Be3 {[%emt 0:00:34]} O-O {[%emt 0:00:52]} 15. O-O {[%emt 0:01:08]} Rc8 {[%emt 0:00:24]} 16. Nd5 {[%emt 0:00:09]} Kh8 {[%emt 0:00:26]} 17. Qd3 {[%emt 0:00:53]} Qa5 {[%emt 0:00:11]} 18. c3 {[%emt 0:00:09]} Ng8 {[%emt 0:01:18]} 19. b4 {[%emt 0:00:46]} Qa3 {[%emt 0:01:16]} 20. Rfb1 {[%emt 0:03:50]} Nf6 {[%emt 0:00:18]} 21. Rb3 {[%emt 0:00:01]} Qa4 {[%emt 0:00:00]} 22. Nxf6 {[%emt 0:00:37]} Bxf6 {[%emt 0:00:02]} 23. Nd4 {[%emt 0:00:09]} Nxd4 {[%emt 0:00:17]} 24. Bxd4 {[%emt 0:00:00]} Qc6 {[%emt 0:00:41]} 25. Re1 {[%emt 0:00:05]} Qc4 {[%emt 0:00:14]} 26. Qxc4 {[%emt 0:00:11]} Rxc4 {[%emt 0:00:01]} 27. Bxa7 {[%emt 0:00:04]} Ra8 {[%emt 0:00:06]} 28. Bd4 {[%emt 0:00:06]} Bxd4+ {[%emt 0:00:08]} 29. cxd4 {[%emt 0:00:01]} Rxd4 30. Re2 {[%emt 0:00:02]} Rxf4 {[%emt 0:00:11]} 31. a3 {[%emt 0:00:01]} Rc4 {[%emt 0:00:03]} 32. Kh2 {[%emt 0:00:04]} Kg7 {[%emt 0:00:02]} 33. Rf3 {[%emt 0:00:04]} Rac8 {[%emt 0:00:03]} 34. Rb2 {[%emt 0:00:06]} Re4 {[%emt 0:00:15]} 35. a4 {[%emt 0:00:12]} Rxe6 {[%emt 0:00:03]} 36. a5 {[%emt 0:00:03]} Re4 {[%emt 0:00:05]} 37. Ra3 {[%emt 0:00:03]} Rcc4 {[%emt 0:02:00]} 38. b5 {[%emt 0:00:03]} Ra4 {[%emt 0:00:01]} 39. Rxa4 {[%emt 0:00:02]} Rxa4 {[%emt 0:00:00]} 40. a6 {[%emt 0:00:01]} b6 {[%emt 0:00:01]} 41. Rc2 {[%emt 0:00:07]} Ra5 {[%emt 0:00:04]} 42. Rc7 {[%emt 0:00:09]} Kf6 {[%emt 0:00:13]} 43. a7 {[%emt 0:00:05]} h6 {[%emt 0:00:23]} 44. h4 {[%emt 0:00:01]} e5 {[%emt 0:00:17]} 45. Rc6 {[%emt 0:00:05]} Ke6 {[%emt 0:00:04]} 46. Rc7 {[%emt 0:00:05]} f4 {[%emt 0:00:15]} 47. Kg1 {[%emt 0:00:22]} e4 {[%emt 0:00:04]} 48. Kf2 {[%emt 0:00:00]} Ra2+ {[%emt 0:00:01]} 49. Ke1 {[%emt 0:00:01]} Kd5 {[%emt 0:00:05]} 50. Rc6 {[%emt 0:00:01]} Rxa7 {[%emt 0:00:03]} 51. Rxb6 {[%emt 0:00:01]} Ra2 {[%emt 0:00:06]} 52. Kf1 {[%emt 0:00:01]} Rb2 {[%emt 0:00:06]} 53. Rb8 {[%emt 0:00:01]} Kd4 {[%emt 0:00:03]} 54. b6 d5 {[%emt 0:00:03]} 55. b7 {[%emt 0:00:12]} Ke3 {[%emt 0:00:03]} 56. Kg1 {[%emt 0:00:01]} d4 {[%emt 0:00:03]} 0-1

[Event "ESP-ch Rapid 2018"]
[Site "Linares"]
[Date "2018.08.19"]
[Round "6"]
[White "Tejedor Fuente, Enrique"]
[Black "Galvez Extremera, Francisco"]
[Result "1-0"]
[WhiteElo "2408"]
[BlackElo "2142"]
[Annotator "NA"]
[PlyCount "68"]
[EventDate "2018.08.19"]
[EventType "team-tourn"]
[EventCountry "ESP"]
[SourceTitle "playchess.com"]
[Source "ChessBase"]
[SourceQuality "1"]
[TimeControl "900+5"]

1. e4 {[%emt 0:00:09]} c6 {[%emt 0:00:00]} 2. Nc3 {[%emt 0:00:03]} d5 {[%emt 0:00:00]} 3. Nf3 {[%emt 0:00:10]} dxe4 {[%emt 0:00:01]} 4. Nxe4 {[%emt 0:00:02]} Nf6 {[%emt 0:00:02]} 5. Qe2 {[%emt 0:00:01]} Bf5 {[%emt 0:00:15]} 6. d3 {[%emt 0:00:06]} e6 {[%emt 0:00:11]} 7. Nxf6+ {[%emt 0:00:22]} Qxf6 {[%emt 0:01:02]} 8. g3 {[%emt 0:00:14]} Bg4 {[%emt 0:00:47]} 9. Bg2 {[%emt 0:00:02]} Bb4+ {[%emt 0:00:06]} 10. Kf1 {[%emt 0:00:12]} Na6 {[%emt 0:00:46]} 11. h3 {[%emt 0:00:06]} Bh5 {[%emt 0:00:07]} 12. g4 {[%emt 0:00:29]} Bg6 {[%emt 0:00:07]} 13. c3 {[%emt 0:00:03]} Qd8 {[%emt 0:01:04]} 14. d4 {[%emt 0:00:23]} Be7 {[%emt 0:00:11]} 15. h4 {[%emt 0:00:13]} h5 {[%emt 0:00:14]} 16. Ne5 {[%emt 0:00:04]} Bh7 {[%emt 0:02:20]} 17. Qf3 {[%emt 0:01:40]} O-O {[%emt 0:02:15]} 18. gxh5 {[%emt 0:00:03]} Bxh4 {[%emt 0:01:00]} 19. Qg4 {[%emt 0:01:37]} Bf6 {[%emt 0:00:16]} 20. Bf4 {[%emt 0:01:47]} Nc7 {[%emt 0:00:17]} 21. Rg1 {[%emt 0:00:27]} Qe7 {[%emt 0:02:13]} 22. Re1 {[%emt 0:01:43]} Rad8 {[%emt 0:00:05]} 23. Be4 {[%emt 0:00:46]} Bxe4 {[%emt 0:00:11]} 24. Rxe4 {[%emt 0:00:03]} Nd5 {[%emt 0:00:09]} 25. Bh6 {[%emt 0:00:16]} Kh7 {[%emt 0:00:52]} 26. Bxg7 {[%emt 0:02:16]} Rg8 {[%emt 0:00:22]} 27. h6 {[%emt 0:00:25]} Bg5 {[%emt 0:01:58]} 28. Qxg5 {[%emt 0:01:16]} Qxg5 {[%emt 0:00:03]} 29. Rxg5 {[%emt 0:00:02]} f6 {[%emt 0:00:07]} 30. Nf7 {[%emt 0:00:17]} Rd7 {[%emt 0:00:15]} 31. Ne5 {[%emt 0:01:05]} fxe5 {[%emt 0:00:05]} 32. Rgxe5 {[%emt 0:00:16]} Rf7 {[%emt 0:00:03]} 33. Rxe6 {[%emt 0:00:03]} Rd8 {[%emt 0:00:14]} 34. Re8 {[%emt 0:00:08]} Rxe8 {[%emt 0:00:00]} 1-0

[Event "ESP-ch Rapid 2018"]
[Site "Linares"]
[Date "2018.08.19"]
[Round "6"]
[White "Fernandez Garcia, Jose Miguel"]
[Black "Arizmendi Martinez, Julen Luis"]
[Result "0-1"]
[WhiteElo "2404"]
[BlackElo "2507"]
[Annotator "ChessBase"]
[PlyCount "72"]
[EventDate "2018.08.19"]
[EventType "team-tourn"]
[EventCountry "ESP"]
[SourceTitle "playchess.com"]
[Source "ChessBase"]
[SourceQuality "1"]
[TimeControl "900+5"]

1. e4 {[%emt 0:00:00]} e6 {[%emt 0:00:53]} 2. d4 {[%emt 0:00:00]} d5 {[%emt 0:00:01]} 3. Nc3 {[%emt 0:00:49]} Bb4 {[%emt 0:00:08]} 4. e5 {[%emt 0:00:07]} Ne7 {[%emt 0:00:39]} 5. Qg4 {[%emt 0:00:02]} c5 {[%emt 0:00:54]} 6. dxc5 {[%emt 0:00:28]} Nbc6 {[%emt 0:00:03]} 7. Bd2 {[%emt 0:00:02]} O-O {[%emt 0:01:41]} 8. Nf3 {[%emt 0:00:54]} Bxc5 {[%emt 0:01:36]} 9. Bd3 {[%emt 0:00:20]} Ng6 {[%emt 0:01:30]} 10. Qh5 {[%emt 0:00:18]} f6 {[%emt 0:02:57]} 11. exf6 {[%emt 0:01:25]} Qxf6 {[%emt 0:00:02]} 12. Ng5 {[%emt 0:02:42]} h6 {[%emt 0:00:33]} 13. Bxg6 {[%emt 0:01:05]} Qxf2+ {[%emt 0:01:41]} 14. Kd1 {[%emt 0:00:01]} e5 {[%emt 0:00:03]} 15. Re1 {[%emt 0:03:26]} Qxg2 {[%emt 0:00:50]} 16. Kc1 {[%emt 0:00:01]} Ne7 {[%emt 0:01:08]} 17. Bh7+ {[%emt 0:03:34]} Kh8 {[%emt 0:00:01]} 18. Bd3 {[%emt 0:00:01]} e4 {[%emt 0:01:17]} 19. Ngxe4 {[%emt 0:00:03]} dxe4 {[%emt 0:00:24]} 20. Qxc5 {[%emt 0:00:01]} exd3 {[%emt 0:00:04]} 21. Qxe7 {[%emt 0:00:13]} Bf5 {[%emt 0:00:03]} 22. cxd3 {[%emt 0:01:09]} Bxd3 {[%emt 0:00:01]} 23. Qe3 {[%emt 0:00:07]} Bh7 {[%emt 0:00:03]} 24. Qg3 {[%emt 0:00:02]} Qc6 {[%emt 0:00:11]} 25. Rg1 {[%emt 0:00:08]} Rf7 {[%emt 0:00:04]} 26. Qg2 {[%emt 0:00:05]} Qf6 {[%emt 0:00:14]} 27. b3 {[%emt 0:00:06]} Qf5 {[%emt 0:00:03]} 28. Kb2 {[%emt 0:00:04]} Qc2+ 29. Ka3 Rd8 {[%emt 0:00:12]} 30. Rad1 {[%emt 0:00:06]} Rd6 {[%emt 0:00:05]} 31. Na4 {[%emt 0:00:09]} b5 {[%emt 0:00:07]} 32. Rc1 {[%emt 0:00:04]} Qxd2 {[%emt 0:00:04]} 33. Rc8+ {[%emt 0:00:05]} Bg8 {[%emt 0:00:01]} 34. Nc5 {[%emt 0:00:07]} Qa5+ {[%emt 0:00:05]} 35. Na4 {[%emt 0:00:04]} bxa4 {[%emt 0:00:05]} 36. Qa8 {[%emt 0:00:06]} axb3+ {[%emt 0:00:03]} 0-1

[Event "ESP-ch Rapid 2018"]
[Site "Linares"]
[Date "2018.08.19"]
[Round "6"]
[White "Pallardo Lozoya, Jose Vicente"]
[Black "Garcia Garcia, Adrian Antonio"]
[Result "1/2-1/2"]
[WhiteElo "2382"]
[BlackElo "2179"]
[Annotator "NA"]
[PlyCount "106"]
[EventDate "2018.08.19"]
[EventType "team-tourn"]
[EventCountry "ESP"]
[SourceTitle "playchess.com"]
[Source "ChessBase"]
[SourceQuality "1"]
[TimeControl "900+5"]

1. e4 {[%emt 0:00:00]} e5 {[%emt 0:00:00]} 2. Nf3 {[%emt 0:00:00]} d6 {[%emt 0:00:00]} 3. d4 {[%emt 0:00:06]} exd4 {[%emt 0:00:00]} 4. Qxd4 {[%emt 0:00:20]} a6 {[%emt 0:00:01]} 5. Bc4 {[%emt 0:00:25]} Nc6 {[%emt 0:00:03]} 6. Qe3 {[%emt 0:00:19]} Be7 {[%emt 0:00:09]} 7. O-O {[%emt 0:00:09]} Nf6 {[%emt 0:00:21]} 8. h3 {[%emt 0:00:27]} O-O {[%emt 0:00:08]} 9. Nc3 {[%emt 0:00:48]} b5 {[%emt 0:00:42]} 10. Bd5 {[%emt 0:00:31]} Bb7 {[%emt 0:00:51]} 11. a3 {[%emt 0:01:06]} Nxd5 {[%emt 0:01:02]} 12. exd5 {[%emt 0:00:05]} Na5 {[%emt 0:00:07]} 13. Qd3 {[%emt 0:00:53]} Bf6 {[%emt 0:00:01]} 14. Ne4 {[%emt 0:00:19]} Nc4 {[%emt 0:00:17]} 15. Bg5 {[%emt 0:04:19]} Bxg5 {[%emt 0:02:12]} 16. Nexg5 {[%emt 0:00:16]} g6 {[%emt 0:00:01]} 17. Ne4 {[%emt 0:00:32]} Ne5 {[%emt 0:00:23]} 18. Nxe5 {[%emt 0:00:29]} dxe5 {[%emt 0:00:02]} 19. Rad1 {[%emt 0:01:29]} Bc8 {[%emt 0:01:31]} 20. f4 {[%emt 0:00:32]} f5 {[%emt 0:01:01]} 21. Nc5 {[%emt 0:00:05]} Qd6 {[%emt 0:00:07]} 22. Qe3 {[%emt 0:00:11]} e4 {[%emt 0:01:01]} 23. Rd2 {[%emt 0:00:40]} Bd7 {[%emt 0:01:19]} 24. Rfd1 {[%emt 0:00:11]} Rae8 {[%emt 0:00:01]} 25. b4 {[%emt 0:00:10]} Bc8 {[%emt 0:00:41]} 26. Ra1 {[%emt 0:00:16]} g5 {[%emt 0:00:22]} 27. Rf1 {[%emt 0:00:11]} h6 {[%emt 0:00:22]} 28. Rff2 {[%emt 0:00:32]} Kh7 {[%emt 0:00:07]} 29. Kf1 {[%emt 0:00:17]} Qf6 {[%emt 0:00:45]} 30. c3 {[%emt 0:00:11]} Qd6 {[%emt 0:00:37]} 31. Ke1 {[%emt 0:00:11]} Rg8 {[%emt 0:00:29]} 32. Kf1 {[%emt 0:01:18]} Rg6 {[%emt 0:00:44]} 33. Kg1 {[%emt 0:00:03]} Reg8 {[%emt 0:00:01]} 34. Kh1 {[%emt 0:00:01]} g4 {[%emt 0:00:24]} 35. Rf1 {[%emt 0:00:19]} gxh3 {[%emt 0:00:33]} 36. Qxh3 Qf6 37. Ne6 {[%emt 0:00:11]} Bxe6 {[%emt 0:00:19]} 38. dxe6 {[%emt 0:00:00]} Qxe6 {[%emt 0:00:02]} 39. Rfd1 {[%emt 0:00:01]} R8g7 {[%emt 0:00:08]} 40. Rd5 {[%emt 0:00:04]} e3 {[%emt 0:00:25]} 41. Re5 Qc6 42. Rg1 {[%emt 0:00:23]} Qxc3 {[%emt 0:00:22]} 43. Qxf5 {[%emt 0:00:02]} Qc6 {[%emt 0:00:10]} 44. Qe4 {[%emt 0:00:09]} Qf6 {[%emt 0:00:13]} 45. Rh5 {[%emt 0:00:07]} e2 {[%emt 0:00:09]} 46. f5 {[%emt 0:00:03]} Rg5 {[%emt 0:00:08]} 47. Qxe2 {[%emt 0:00:01]} Rxh5+ {[%emt 0:00:08]} 48. Qxh5 {[%emt 0:00:01]} Rg5 {[%emt 0:00:00]} 49. Qh3 {[%emt 0:00:04]} Rxf5 {[%emt 0:00:09]} 50. Rd1 {[%emt 0:00:01]} Rf1+ {[%emt 0:00:06]} 51. Rxf1 {[%emt 0:00:00]} Qxf1+ {[%emt 0:00:01]} 52. Kh2 {[%emt 0:00:02]} Qf4+ {[%emt 0:00:02]} 53. Kh1 {[%emt 0:00:07]} Qf1+ {[%emt 0:00:08]} 1/2-1/2

[Event "ESP-ch Rapid 2018"]
[Site "Linares"]
[Date "2018.08.19"]
[Round "6"]
[White "Matnadze, Ana"]
[Black "Silva Rodriguez, Fernando"]
[Result "0-1"]
[WhiteElo "2378"]
[BlackElo "2239"]
[Annotator "NA"]
[PlyCount "82"]
[EventDate "2018.08.19"]
[EventType "team-tourn"]
[EventCountry "ESP"]
[SourceTitle "playchess.com"]
[Source "ChessBase"]
[SourceQuality "1"]
[TimeControl "900+5"]

1. d4 {[%emt 0:00:00]} d5 {[%emt 0:00:00]} 2. Nf3 {[%emt 0:00:00]} Nf6 {[%emt 0:00:00]} 3. g3 {[%emt 0:00:02]} e6 {[%emt 0:00:05]} 4. Bg2 {[%emt 0:00:01]} b5 {[%emt 0:00:14]} 5. O-O {[%emt 0:00:06]} Bb7 {[%emt 0:00:11]} 6. a4 {[%emt 0:00:02]} b4 {[%emt 0:00:02]} 7. Ne5 {[%emt 0:00:01]} Nbd7 {[%emt 0:00:09]} 8. a5 {[%emt 0:00:06]} Rc8 {[%emt 0:00:42]} 9. a6 {[%emt 0:00:11]} Ba8 {[%emt 0:00:01]} 10. c4 {[%emt 0:00:05]} c5 {[%emt 0:00:43]} 11. cxd5 {[%emt 0:00:23]} Bxd5 {[%emt 0:00:09]} 12. Bxd5 {[%emt 0:02:10]} Nxd5 {[%emt 0:00:05]} 13. e4 {[%emt 0:00:08]} N5f6 {[%emt 0:01:33]} 14. Qa4 {[%emt 0:02:01]} Be7 {[%emt 0:05:11]} 15. Bg5 {[%emt 0:04:53]} h6 {[%emt 0:03:09]} 16. Nc6 {[%emt 0:00:29]} Qb6 {[%emt 0:00:56]} 17. Nxe7 {[%emt 0:02:13]} Kxe7 {[%emt 0:00:02]} 18. Bxf6+ {[%emt 0:00:18]} Nxf6 {[%emt 0:00:12]} 19. e5 {[%emt 0:00:08]} Nd7 {[%emt 0:00:50]} 20. dxc5 {[%emt 0:00:46]} Nxc5 {[%emt 0:00:11]} 21. Qc2 {[%emt 0:00:12]} Rhd8 {[%emt 0:00:24]} 22. Nd2 {[%emt 0:00:17]} Nd3 {[%emt 0:00:13]} 23. Nc4 {[%emt 0:01:12]} Nxe5 24. b3 Qc6 {[%emt 0:00:38]} 25. f4 {[%emt 0:00:31]} Nxc4 {[%emt 0:00:02]} 26. bxc4 {[%emt 0:00:02]} Qxc4 {[%emt 0:00:02]} 27. Qg2 {[%emt 0:00:15]} Qd4+ {[%emt 0:00:10]} 28. Kh1 {[%emt 0:00:01]} Qd5 {[%emt 0:00:01]} 29. Rf3 {[%emt 0:00:14]} Rc2 {[%emt 0:00:30]} 30. Qxc2 {[%emt 0:00:10]} Qxf3+ {[%emt 0:00:02]} 31. Kg1 {[%emt 0:00:02]} Qe3+ {[%emt 0:00:01]} 32. Kh1 {[%emt 0:00:03]} Rd2 {[%emt 0:00:08]} 33. Qc7+ {[%emt 0:00:08]} Kf6 {[%emt 0:00:01]} 34. Qe5+ {[%emt 0:00:15]} Qxe5 {[%emt 0:00:02]} 35. fxe5+ {[%emt 0:00:02]} Kxe5 {[%emt 0:00:01]} 36. Ra5+ {[%emt 0:00:04]} Rd5 {[%emt 0:00:04]} 37. Ra2 {[%emt 0:00:02]} b3 {[%emt 0:00:05]} 38. Rb2 {[%emt 0:00:03]} Rb5 {[%emt 0:00:01]} 39. Kg2 {[%emt 0:00:01]} Kd4 {[%emt 0:00:01]} 40. Kf2 {[%emt 0:00:01]} Kc3 {[%emt 0:00:01]} 41. Rb1 {[%emt 0:00:01]} b2 {[%emt 0:00:01]} 0-1

[Event "ESP-ch Rapid 2018"]
[Site "Linares"]
[Date "2018.08.19"]
[Round "6"]
[White "Garcia Cuenca, Victor"]
[Black "Salgado Lopez, Ivan"]
[Result "0-1"]
[WhiteElo "2351"]
[BlackElo "2643"]
[Annotator "TA"]
[PlyCount "50"]
[EventDate "2018.08.19"]
[EventType "team-tourn"]
[EventCountry "ESP"]
[SourceTitle "playchess.com"]
[Source "ChessBase"]
[SourceQuality "1"]

{[%evp 16,50,34,32,43,25,47,0,45,17,35,16,14,-17,-24,-12,-22,-16,-19,-100,-54,-55,-46,-54,-51,-46,-30,-75,-73,-73,-68,-739,-727,-918,-909,-2727,-2593]} 1. d4 Nf6 2. c4 e6 3. Nc3 Bb4 4. e3 b6 5. Bd3 Bb7 6. Nf3 Bxc3+ 7. bxc3 c5 8. O-O d6 {E43: Nimzo-Indian: Rubinstein: 4...b6} 9. Nd2 {LiveBook: 4 Games} (9. Re1 Nc6 10. e4 e5 11. d5 Ne7 12. a4 Bc8 13. a5 bxa5 14. Qa4+ Nd7 15. Nd2 O-O 16. Qxa5 Qxa5 17. Rxa5 {½-½ (85) Wang,Y (2718)-Ivanchuk,V (2710) Huaian 2016}) 9... Nc6 10. f4 Qc7 {White has an edge.} 11. Nb3 Ba6 $146 ({Predecessor:} 11... Ne7 12. Nd2 d5 13. Nf3 O-O 14. cxd5 exd5 15. dxc5 Qxc5 16. Nd4 Qxc3 {1-0 (32) Delgado,R (1991)-Siger,I (2071) LSS email 2008}) 12. d5 Ne7 13. dxe6 fxe6 14. Qe2 e5 15. e4 exf4 16. Bxf4 Ng6 17. e5 (17. Bg5 $11 {keeps the balance.}) 17... Nxe5 (17... Nxf4 {is interesting.} 18. Rxf4 dxe5 19. Rf3 O-O 20. Nd2 Bb7) 18. Nd4 cxd4 19. cxd4 O-O $1 20. dxe5 dxe5 21. Bxe5 Qc5+ 22. Kh1 {[#] Hoping for Rxf6!} Rae8 $36 {[%mdl 2048] Black is pushing.} 23. Rxf6 $4 {[%mdl 8192]} (23. Rf5 $15) 23... Rxf6 $19 {Black is clearly winning.} ({Worse is} 23... gxf6 24. Qg4+ Kh8 25. Qh4 $11) 24. Bxh7+ Kf8 25. Re1 {[#]} Rxe5 $1 {[%mdl 512] Precision: White = 22%, Black = 68%.} 0-1

[Event "ESP-ch Rapid 2018"]
[Site "Linares"]
[Date "2018.08.19"]
[Round "6"]
[White "Estremera Panos, Sergio"]
[Black "Riquelme Valero, Manuel Damian"]
[Result "1-0"]
[WhiteElo "2337"]
[BlackElo "2150"]
[Annotator "NA"]
[PlyCount "53"]
[EventDate "2018.08.19"]
[EventType "team-tourn"]
[EventCountry "ESP"]
[SourceTitle "playchess.com"]
[Source "ChessBase"]
[SourceQuality "1"]
[TimeControl "900+5"]

1. d4 {[%emt 0:00:00]} d5 {[%emt 0:00:00]} 2. c4 {[%emt 0:00:00]} dxc4 {[%emt 0:00:02]} 3. e3 {[%emt 0:00:03]} Nf6 {[%emt 0:00:05]} 4. Bxc4 {[%emt 0:00:02]} a6 {[%emt 0:00:04]} 5. Nf3 {[%emt 0:00:09]} e6 {[%emt 0:00:02]} 6. Qe2 {[%emt 0:00:07]} b5 {[%emt 0:00:08]} 7. Bd3 {[%emt 0:00:31]} Bb7 {[%emt 0:00:12]} 8. O-O {[%emt 0:00:10]} Nbd7 {[%emt 0:00:41]} 9. e4 {[%emt 0:00:53]} Be7 {[%emt 0:00:20]} 10. a4 {[%emt 0:00:44]} b4 {[%emt 0:00:10]} 11. Nbd2 {[%emt 0:00:10]} O-O {[%emt 0:00:14]} 12. e5 {[%emt 0:00:09]} Nd5 {[%emt 0:00:18]} 13. Ne4 {[%emt 0:00:02]} c5 {[%emt 0:01:32]} 14. dxc5 {[%emt 0:00:34]} Nxc5 {[%emt 0:00:10]} 15. Nxc5 {[%emt 0:00:13]} Bxc5 {[%emt 0:00:02]} 16. Ng5 {[%emt 0:02:06]} g6 {[%emt 0:00:56]} 17. Ne4 {[%emt 0:01:41]} Be7 {[%emt 0:00:02]} 18. Bh6 {[%emt 0:00:03]} Re8 {[%emt 0:00:02]} 19. Rac1 {[%emt 0:00:25]} Qa5 {[%emt 0:02:15]} 20. Qf3 {[%emt 0:01:08]} Rec8 {[%emt 0:00:25]} 21. Bc4 {[%emt 0:00:38]} Qd8 {[%emt 0:00:43]} 22. Bd3 {[%emt 0:00:39]} Rxc1 {[%emt 0:00:06]} 23. Rxc1 {[%emt 0:00:02]} Rc8 {[%emt 0:00:07]} 24. Re1 {[%emt 0:00:52]} Qd7 {[%emt 0:00:18]} 25. b3 {[%emt 0:00:25]} Nc3 {[%emt 0:00:07]} 26. Nf6+ {[%emt 0:00:07]} Bxf6 {[%emt 0:00:06]} 27. Qxf6 1-0

[Event "ESP-ch Rapid 2018"]
[Site "Linares"]
[Date "2018.08.19"]
[Round "6"]
[White "Gavilan Diaz, Mario"]
[Black "Rodriguez Martin, Emilio"]
[Result "1-0"]
[WhiteElo "2334"]
[BlackElo "2159"]
[Annotator "NA"]
[PlyCount "83"]
[EventDate "2018.08.19"]
[EventType "team-tourn"]
[EventCountry "ESP"]
[SourceTitle "playchess.com"]
[Source "ChessBase"]
[SourceQuality "1"]
[TimeControl "900+5"]

1. d4 {[%emt 0:00:00]} d5 {[%emt 0:00:00]} 2. c4 {[%emt 0:00:00]} c6 {[%emt 0:00:00]} 3. Nf3 {[%emt 0:00:00]} Nf6 {[%emt 0:00:00]} 4. Nc3 {[%emt 0:00:01]} g6 {[%emt 0:00:01]} 5. Bf4 {[%emt 0:00:45]} Bg7 {[%emt 0:00:06]} 6. e3 {[%emt 0:00:01]} O-O {[%emt 0:00:05]} 7. Be2 {[%emt 0:00:01]} e6 {[%emt 0:01:07]} 8. O-O {[%emt 0:00:34]} Nbd7 {[%emt 0:00:06]} 9. h3 {[%emt 0:00:22]} dxc4 {[%emt 0:01:07]} 10. Bxc4 {[%emt 0:00:06]} Nb6 {[%emt 0:00:04]} 11. Be2 {[%emt 0:00:11]} Nbd5 {[%emt 0:00:05]} 12. Bh2 {[%emt 0:00:28]} Nxc3 {[%emt 0:00:09]} 13. bxc3 {[%emt 0:00:01]} Qa5 {[%emt 0:02:01]} 14. Qb3 {[%emt 0:01:28]} Rd8 {[%emt 0:00:58]} 15. Ne5 {[%emt 0:01:39]} Ne8 {[%emt 0:03:34]} 16. Nc4 {[%emt 0:01:14]} Qd5 {[%emt 0:00:36]} 17. Bf3 {[%emt 0:00:22]} Qd7 {[%emt 0:00:23]} 18. Qa3 {[%emt 0:01:23]} Nc7 {[%emt 0:00:48]} 19. Rab1 {[%emt 0:00:29]} Bf8 {[%emt 0:01:25]} 20. Qa5 {[%emt 0:02:48]} b6 {[%emt 0:00:17]} 21. Qg5 {[%emt 0:00:35]} Be7 {[%emt 0:01:21]} 22. Qg3 {[%emt 0:00:14]} Nd5 {[%emt 0:01:40]} 23. Ne5 {[%emt 0:00:02]} Qe8 {[%emt 0:00:04]} 24. c4 {[%emt 0:00:09]} Nb4 {[%emt 0:00:31]} 25. a3 {[%emt 0:01:01]} f6 {[%emt 0:00:06]} 26. axb4 {[%emt 0:00:27]} fxe5 {[%emt 0:00:01]} 27. Qxe5 {[%emt 0:00:08]} Bd6 {[%emt 0:00:02]} 28. Qe4 {[%emt 0:00:07]} Bxh2+ {[%emt 0:00:05]} 29. Kxh2 {[%emt 0:00:01]} Bd7 {[%emt 0:00:05]} 30. c5 {[%emt 0:01:02]} b5 {[%emt 0:00:05]} 31. Ra1 {[%emt 0:00:13]} Qf7 {[%emt 0:00:19]} 32. Qe5 {[%emt 0:00:17]} Qf5 {[%emt 0:00:17]} 33. Qxf5 {[%emt 0:00:09]} gxf5 {[%emt 0:00:01]} 34. Ra6 {[%emt 0:00:01]} Rdc8 {[%emt 0:00:03]} 35. Rfa1 {[%emt 0:00:13]} Rc7 {[%emt 0:00:01]} 36. R6a5 {[%emt 0:00:15]} Rb7 {[%emt 0:00:04]} 37. Ra6 {[%emt 0:00:07]} Rc7 {[%emt 0:00:01]} 38. R1a5 {[%emt 0:00:08]} Kf7 {[%emt 0:00:13]} 39. Rxb5 {[%emt 0:00:08]} cxb5 {[%emt 0:00:11]} 40. Bxa8 {[%emt 0:00:02]} Ke7 {[%emt 0:00:06]} 41. c6 {[%emt 0:00:28]} Bc8 {[%emt 0:00:02]} 42. Bb7 {[%emt 0:00:14]} 1-0